| 000 | 01569nam a2200385 c 4500 | ||
|---|---|---|---|
| 001 | 59446 | ||
| 003 | CO-BoRNBP | ||
| 005 | 20251015200308.0 | ||
| 007 | ta | ||
| 008 | 250129s2024 ck a|||br||| 000 0jdspa d | ||
| 020 | _a9786289664706 | ||
| 040 |
_aCO-BoRNBP _bspa _erda _cCO-BoRNBP |
||
| 041 | 0 | _aspa | |
| 043 | _as-ck--- | ||
| 084 | _aC | ||
| 100 |
_aSoler Pulido, Juan Diego _d1982 _eaut _965615 |
||
| 245 | 1 | 0 |
_aLejos de casa / _cJuan Diego Soler Pulido ; ilustraciones de Angie Alape. |
| 250 | _aEdición especial | ||
| 264 | 1 |
_aBogotá, Colombia : _bCiencia Magnética, _c2024 |
|
| 300 |
_a28 páginas : _bilustraciones a color |
||
| 336 |
_atexto _btxt _2rdacontenido |
||
| 337 |
_asin mediación _bn _2rdamedio |
||
| 338 |
_avolumen _bnc _2rdasoporte |
||
| 520 | _aPolaroso es un oso polar que,accidentalmente, llega a una playa en el trópico. Confundido y desesperadopor el calor de este lugar,conoce a u n perro de taller que se encargará de ayudarlo y guiarlo | ||
| 521 | _aRecomendado para un público infantil a partir de los 6 años | ||
| 545 | _aIncluye datos biográficos del autor | ||
| 650 | 0 | 7 |
_aCambios climáticos en la literatura _2lemb _958623 |
| 650 | 0 | 4 |
_aCuentos infantiles colombianos _ySiglo XX _2LEMB _92372 |
| 650 | 0 | 7 |
_aDivulgación científica en la literatura _2lemb _965616 |
| 650 | 0 | 7 |
_aFísica en la literatura _2lemb _965617 |
| 650 | 0 | 4 |
_aLiteratura infantil colombiana _ySiglo XX _2LEMB _9364 |
| 700 |
_aAlape, Angie _eill _965618 |
||
| 830 | _aPlan Nacional de lectura y escritura leer es mi cuento | ||
| 942 |
_2loc _cBKLITI |
||
| 999 |
_c59446 _d59446 |
||